Top 5 Países por Religião - Statistics

Estatísticas Gerais
  • Esse quiz foi jogado 13 459 vezes
  • A pontuação média é 23 de 34
Estatísticas das Respostas
Religião País % Correto
Cristianismo, Protestantismo Brasil
98%
Budismo China
95%
Cristianismo, Judaísmo, Protestantismo, Siquismo Estados Unidos
95%
Islamismo, Hinduísmo, Xiismo, Siquismo Índia
94%
Judaísmo Israel
90%
Budismo Japão
90%
Ortodoxia Rússia
90%
Xiismo Irã
86%
Wahhabismo Arábia Saudita
84%
Cristianismo México
82%
Judaísmo, Siquismo Canadá
78%
Judaísmo França
77%
Xiismo Iraque
77%
Islamismo, Hinduísmo, Xiismo Paquistão
76%
Ortodoxia Egito
75%
Judaísmo, Protestantismo, Siquismo Reino Unido
72%
Islamismo, Hinduísmo Indonésia
70%
Siquismo Austrália
66%
Budismo Tailândia
64%
Ortodoxia Ucrânia
61%
Protestantismo África do Sul
60%
Wahhabismo Emirados Árabes Unidos
56%
Islamismo, Hinduísmo Bangladesh
55%
Hinduísmo Nepal
55%
Wahhabismo Catar
52%
Budismo Vietnã
52%
Cristianismo, Protestantismo, Islamismo Nigéria
51%
Xiismo Iêmen
47%
Cristianismo Filipinas
46%
Budismo Birmânia
35%
Wahhabismo Kuwait
35%
Wahhabismo Bahrein
34%
Ortodoxia Romênia
31%
Ortodoxia Etiópia
29%
Nenhum quiz correspondente encontrado
Distribuição das Pontuações
Porcentagem de Pessoas com Cada Pontuação
Percentil de Números Respondidos
Sua Pontuação Histórica
Você não jogou esse quiz